000 00445nam a2200205Ia 4500
001 13209
003 GE_BSU
008 181216s||||||||xx |||||||||||||| ||und||
020 _a0000000072946
040 _cGE_BSU
080 _a821.111-312.4
100 _aCornwell,Patricia.
245 4 _aThe last precinct.
260 _aLondon.
260 _bBCA.
260 _c2000
300 _a449p;20cm.
653 _aThe last precinct.
942 _cBK
999 _c46373
_d46373